Supplement to thinking in Java 2nd eddition : Thinking in C - Foundations for Java (CD-ROM)

Introduces all the basics of objects as Java uses them; then walks carefully through the fundamentals of Java programming, including program flow, initialization and cleanup, implementation hiding, reusing classes and polymorphism

সংরক্ষণ করুন:
গ্রন্থ-পঞ্জীর বিবরন
প্রধান লেখক: Allisons, Chuck
বিন্যাস: গ্রন্থ
ভাষা:Undetermined
প্রকাশিত: New Yersey Prentice Hall 2000
বিষয়গুলি:
ট্যাগগুলো: ট্যাগ যুক্ত করুন
কোনো ট্যাগ নেই, প্রথমজন হিসাবে ট্যাগ করুন!
Thư viện lưu trữ: Trung tâm Học liệu Trường Đại học Cần Thơ
LEADER 00989nam a2200205Ia 4500
001 CTU_222380
008 210402s9999 xx 000 0 und d
082 |a 005.133 
082 |b A438 
100 |a Allisons, Chuck 
245 0 |a Supplement to thinking in Java 2nd eddition : 
245 0 |b Thinking in C - Foundations for Java (CD-ROM) 
245 0 |c Chuck Allisons 
260 |a New Yersey 
260 |b Prentice Hall 
260 |c 2000 
520 |a Introduces all the basics of objects as Java uses them; then walks carefully through the fundamentals of Java programming, including program flow, initialization and cleanup, implementation hiding, reusing classes and polymorphism 
650 |a Object-oriented programming (Computer science),Java (Computer program language),Lập trình hướng đối tượng (Khoa học máy tính),Java (Ngôn ngữ lập trình máy tính) 
904 |i Nguyên 
980 |a Trung tâm Học liệu Trường Đại học Cần Thơ